000
00212nam a2200085Ia 4500
245
0
_a
My best dad
100
_a
NILSEN, Anna London, 2004
_9
77417
942
_c
BK
008
210817s9999 xx 000 0 und d
999
_c
264397
_d
264396